00533nam a22001697a 450000500170000001000150001702000260003203500140005803700130007208200130008510000240009824500970012226000430021927000510026230000310031350000190034420240619125015.0 aENG-116772 a9789351777595c599.00 aEN-100304 bDBAD/PUB a341.2323 aPuri, Hardeep Singh aPerilous interventions :bthe security council and the politics of chaos /cby Hardeep singh aNoidabHarper Collins Publishersc2016 aA-75, Sector 57bNoida (Uttar Pradesh)e201301 axvi,264p. :c21cm(Hb)bill aIncludes index